[Event "Mechanics' Winter TNM; G/2"]
[Site "San Francisco"]
[Date "2017.01.10"]
[Round "2.4"]
[White "Doyle, Bryon"]
[Black "Babayan, Gagik"]
[Result "1-0"]
[WhiteElo "2203"]
[BlackElo "1850"]
[PlyCount "47"]
[EventDate "2017.??.??"]

1. e4 c6 2. Nf3 d5 3. Nc3 Bg4 4. h3 Bxf3 5. Qxf3 d4 6. Ne2 e5 7. Ng3 Nf6 8. a4
Nbd7 9. Bc4 a5 $2 {Diagram [#]} 10. Qb3 $1 Nc5 11. Bxf7+ Kd7 12. Qf3 g6 13. O-O
Qe7 14. Bc4 Bg7 15. d3 Ne6 16. c3 c5 17. Qd1 Nf4 18. cxd4 cxd4 19. Ne2 g5 20.
Ng3 Kc7 21. Nf5 Qd7 22. Qb3 Rad8 23. Bxf4 gxf4 24. Bb5 1-0

[Event "Mechanics' Summer TNM; G/2 d5"]
[Site "San Francisco"]
[Date "2017.05.30"]
[Round "2.19"]
[White "Doyle, Bryon"]
[Black "Crofts, Jacob"]
[Result "1-0"]
[WhiteElo "2221"]
[BlackElo "1421"]
[PlyCount "109"]
[EventDate "2017.??.??"]

1. e4 c5 2. Nf3 Nc6 3. d4 cxd4 4. Nxd4 g6 5. Nc3 Bg7 6. Be3 Nf6 7. Bc4 O-O 8.
Bb3 d6 9. f3 Bd7 10. Qd2 a6 $6 11. O-O-O b5 12. h4 b4 13. Nd5 a5 14. Nxc6 Bxc6
15. Bb6 Qd7 16. Bd4 Bxd5 17. Bxd5 Rab8 18. h5 e6 19. Bc4 Rfc8 20. b3 d5 21.
exd5 exd5 22. Bxf6 Bxf6 23. Qxd5 Qe7 24. hxg6 hxg6 25. Qe4 Qxe4 26. fxe4 Rc7
27. Rhf1 Bc3 28. Rd6 Kg7 29. Ra6 Re8 30. Bd5 Ree7 31. Rxa5 Ra7 32. Rxa7 Rxa7
33. Kb1 f6 34. Rf3 Be5 35. g4 g5 36. Be6 Ra6 37. Bd5 Kf8 38. Rh3 Kg7 39. Rf3
Kf8 40. Bb7 Ra7 41. Bc6 Ke7 42. Ba4 Ke6 43. Rh3 Bd4 44. Bc6 Ke5 45. Rf3 Ra6 46.
Rf5+ Kd6 47. Bb5 Ra5 48. Rd5+ Ke7 49. Rxd4 Rxb5 50. Kb2 Ke6 51. c3 Ke5 52. Rxb4
Rxb4 53. cxb4 Kxe4 54. b5 Kd5 55. Kc3 1-0

[Event "Mechanics' Summer TNM; G/2 d5"]
[Site "San Francisco"]
[Date "2017.06.20"]
[Round "5.6"]
[White "Doyle, Bryon"]
[Black "Sarafian, Greg"]
[Result "1-0"]
[WhiteElo "2221"]
[BlackElo "1929"]
[PlyCount "38"]
[EventDate "2017.??.??"]

1. e4 e5 2. Nf3 Nc6 3. Nc3 g6 4. d4 Bg7 5. Nd5 Nxd4 6. Bc4 b5 7. Nxd4 bxc4 8.
Nb5 Kf8 9. Ndxc7 d5 10. Nxa8 Bb7 11. Nac7 a6 12. Nxd5 axb5 13. Be3 f5 14. Qd2
Kf7 15. O-O-O f4 16. Bb6 Qd6 17. Qa5 Qc6 18. f3 Nf6 19. Nb4 Qe6 1-0

[Event "Mechanics' Winter TNM; G/2"]
[Site "San Francisco"]
[Date "2017.01.31"]
[Round "5.2"]
[White "Doyle, Bryon"]
[Black "Traub, Igor Vladim"]
[Result "1-0"]
[WhiteElo "2203"]
[BlackElo "2163"]
[Annotator "Donaldson"]
[PlyCount "75"]
[EventDate "2017.??.??"]

1. d4 d5 2. Nc3 Nf6 3. Bg5 Bf5 4. Nf3 e6 5. e3 Be7 6. Be2 h6 7. Bh4 c5 8. Ne5
Nc6 9. f4 cxd4 10. exd4 O-O 11. O-O Rc8 12. g4 Bh7 13. Bf2 Nb4 14. Rc1 Rxc3 15.
bxc3 Nxa2 16. Ra1 Nxc3 17. Qe1 Nxe2+ 18. Qxe2 a6 19. c4 dxc4 20. Qxc4 Be4 21.
Rfc1 Nd5 22. Qe2 Bh7 23. Qf3 Bb4 24. f5 exf5 25. gxf5 a5 26. Kh1 Qd6 27. Bg3
Qd8 28. Rg1 Bc3 29. Rad1 a4 30. Be1 Bxe1 31. Rdxe1 g5 32. fxg6 fxg6 33. Qd3 Nf4
34. Qc4+ Kg7 35. Rb1 b6 (35... Bg8 36. Rxb7+ Kh8 {is winning for Black.}) 36.
Qc6 Nd5 $4 37. Nxg6 (37. Rxg6+ Kh8 38. Rxh6) 37... Rf6 38. Qb7+ 1-0

[Event "Mechanics' Fall TNM; G/2 d5"]
[Site "San Francisco"]
[Date "2017.12.12"]
[Round "8.15"]
[White "Doyle, Byron"]
[Black "Nyangar, Enkhmaa"]
[Result "1-0"]
[WhiteElo "2218"]
[BlackElo "1605"]
[PlyCount "39"]
[EventDate "2017.??.??"]

1. e4 c5 2. Nf3 Nc6 3. d4 cxd4 4. Nxd4 g6 5. Nc3 Bg7 6. Be3 a6 7. Bc4 e6 8.
Nxc6 bxc6 9. Qd6 Ne7 10. Bc5 Bf6 11. O-O O-O 12. e5 Nf5 13. Qxf8+ Qxf8 14. Bxf8
Bxe5 15. Ba3 d5 16. Bd3 Nd4 17. Ne2 Nb5 18. Bxb5 axb5 19. c3 Ba6 20. Rfe1 1-0

[Event "Mechanics' Peter Grey TNM; G/2 d5"]
[Site "San Francisco"]
[Date "2017.09.26"]
[Round "8.12"]
[White "Drane, Robert"]
[Black "Jensen, Christian"]
[Result "1-0"]
[WhiteElo "1817"]
[BlackElo "1844"]
[Annotator "Donaldson"]
[PlyCount "89"]
[EventDate "2017.??.??"]

1. e4 c5 2. Nf3 d6 3. Bb5+ Bd7 4. Bxd7+ Qxd7 5. c4 Nc6 6. d4 cxd4 7. Nxd4 g6 8.
Nc3 Bg7 9. Nde2 Nf6 10. f3 O-O 11. O-O e6 12. Bg5 a6 13. Qd2 Qc7 14. Rad1 Ne5
15. b3 Rfd8 16. Kh1 Rd7 17. f4 Nc6 18. Qe3 Ne7 19. Rd3 Ne8 20. f5 $1 (20. Na4)
20... exf5 21. exf5 Nxf5 {Diagram [#]} 22. Rxf5 $1 (22. Qf3) 22... gxf5 23. Nd5
Qc5 24. Nb6 (24. Qf3) 24... Qxe3 25. Rxe3 Rdd8 26. Nxa8 Rxa8 27. Ng3 Bf6 28.
Bxf6 Nxf6 29. Nxf5 d5 30. Ne7+ Kf8 31. Nxd5 Nxd5 32. cxd5 Rd8 33. Rd3 Ke7 34.
Kg1 Kf6 35. Rf3+ Ke7 36. Rf5 Rd6 37. Rh5 h6 38. Kf2 Rf6+ 39. Ke3 Kd6 40. g3 Kc5
41. Ke4 Rd6 42. g4 b5 43. h4 Kb4 44. Ke5 Kc5 45. b4+ 1-0

[Event "Mechanics' Peter Grey TNM; G/2 d5"]
[Site "San Francisco"]
[Date "2017.08.15"]
[Round "2.25"]
[White "Drane, Robert"]
[Black "Kondakova, Elena"]
[Result "1-0"]
[WhiteElo "1817"]
[BlackElo "1295"]
[Annotator "Donaldson"]
[PlyCount "71"]
[EventDate "2017.??.??"]

1. e4 c5 2. Nf3 Nc6 3. Bb5 g6 4. Bxc6 bxc6 5. d3 Bg7 6. Nc3 Nf6 7. Be3 d6 8. h3
O-O 9. Qd2 Be6 10. O-O Qc7 11. Ng5 Qd7 12. f4 h6 13. Nxe6 fxe6 14. Rf3 Kh7 15.
Raf1 Qb7 16. Nd1 Nd7 17. c3 Qa6 18. a3 Rf6 19. Nf2 h5 20. g4 hxg4 21. hxg4 g5
22. f5 Ne5 23. Rh3+ Kg8 24. Bxg5 Rf7 25. fxe6 Nf3+ 26. Rxf3 Rxf3 27. Kg2 Raf8
28. Bxe7 R8f4 29. Bxd6 Rf6 30. e7 Qc8 31. e5 Rxf2+ (31... Bh6 32. g5 Rxf2+ 33.
Rxf2 Qg4+ 34. Kf1 Qh3+ 35. Kg1 Qh5 36. exf6 Bxg5 37. Rg2) 32. Rxf2 Qxg4+ 33.
Kf1 Qh3+ 34. Kg1 Qh5 35. exf6 Bxf6 36. Rg2+ 1-0

[Event "Mechanics' Summer TNM; G/2 d5"]
[Site "San Francisco"]
[Date "2017.07.18"]
[Round "8.18"]
[White "Drane, Robert"]
[Black "Morgan, Jerry D"]
[Result "1-0"]
[WhiteElo "1850"]
[BlackElo "1577"]
[PlyCount "63"]
[EventDate "2017.??.??"]

1. e4 Nf6 2. e5 Nd5 3. d4 d6 4. Nf3 dxe5 5. Nxe5 c6 6. Be2 Nd7 7. Nf3 N7f6 8.
O-O Bf5 9. c3 e6 10. Re1 Qc7 11. Bg5 Bd6 12. Nbd2 O-O-O 13. g3 h6 14. Bxf6 gxf6
15. Nc4 Rdg8 16. Nxd6+ Qxd6 17. Nh4 Bh3 18. Bf1 Bg4 19. f3 Bh5 20. Kf2 Rg5 21.
Qd2 Kb8 22. Bh3 Rhg8 23. f4 R5g7 24. Rac1 Bg4 25. Bg2 h5 26. Bxd5 Qxd5 27. c4
Qd6 28. Re3 Rd8 29. d5 Qc5 30. b4 Qb6 31. c5 Qc7 32. d6 {
White went on to win. The remaining moves are unavailable.} 1-0

[Event "Mechanics' Peter Grey TNM; G/2 d5"]
[Site "San Francisco"]
[Date "2017.09.05"]
[Round "5.17"]
[White "Drane, Robert"]
[Black "Ricard, Bruce"]
[Result "0-1"]
[WhiteElo "1817"]
[BlackElo "1593"]
[Annotator "Donaldson"]
[PlyCount "67"]
[EventDate "2017.??.??"]

1. e4 c6 2. d4 d5 3. Nc3 dxe4 4. Nxe4 Bf5 5. Ng3 Bg6 6. N1e2 e6 7. Nf4 Bd6 8.
h4 Qc7 9. Qf3 Bxc2 10. Ngh5 Bf8 11. Qc3 Bf5 12. Bc4 b5 13. Bxb5 a5 14. Qc4 g6
15. Ng3 Bb4+ 16. Kf1 Bd6 17. Ba4 Ne7 18. Nxf5 exf5 19. d5 $5 Nd7 20. Bxc6 Rc8
21. Bd2 (21. h5 $1) 21... O-O 22. g3 Ne5 23. Qb5 N7xc6 24. dxc6 Rb8 25. Qxa5
Qxc6 26. Qd5 Qa6+ 27. Kg2 Rfd8 28. Bc3 Ng4 29. Rhe1 $2 (29. Rhd1) 29... Bxf4
30. Qxd8+ Rxd8 31. gxf4 Qc4 32. Rad1 Qc6+ 33. f3 Rxd1 34. Rxd1 0-1

[Event "Mechanics' Peter Grey TNM; G/2 d5"]
[Site "San Francisco"]
[Date "2017.09.19"]
[Round "7.18"]
[White "Drane, Robert"]
[Black "Sherwood, Peter"]
[Result "1-0"]
[WhiteElo "1817"]
[BlackElo "1659"]
[Annotator "Sherwood"]
[PlyCount "93"]
[EventDate "2017.??.??"]

1. e4 c5 2. Nf3 d6 3. Bb5+ Bd7 4. Bxd7+ Qxd7 5. c4 Nf6 6. Nc3 g6 7. d4 cxd4 8.
Nxd4 Bg7 9. O-O O-O 10. Bg5 Nc6 11. Nde2 Rfd8 12. f3 Rac8 13. Rc1 Nb4 14. b3
Rc5 $6 15. Qd2 Rcc8 16. Rfe1 Nc6 17. Rcd1 Qe8 18. Bh4 h6 $2 19. Bxf6 exf6 20.
Nd5 Qe5 21. Ng3 Kh7 22. f4 Qe6 23. f5 Qe5 24. Qe3 h5 25. h4 Bh6 26. Qf2 Rf8 27.
Rd3 Bg7 28. Ne3 Ne7 29. Red1 Rc6 30. Qf3 Kh6 31. Nd5 Ng8 (31... Nxd5 32. Rxd5)
32. Nf4 Kh7 33. Rd5 (33. fxg6+ fxg6 34. Nxg6 Kxg6 35. Rd5 $18) 33... Qe7 34.
fxg6+ fxg6 35. Nxg6 Qf7 36. Qxh5+ Bh6 37. Nxf8+ Qxf8 38. Qf5+ Kh8 39. Qd7 Qe7
40. Qxe7 Nxe7 41. Rxd6 Rxd6 42. Rxd6 Bf4 43. Rd8+ Ng8 44. Nf5 Kh7 45. Rd7+ Kg6
46. Rg7+ Kh5 47. g4# 1-0

[Event "Mechanics' Summer TNM; G/2 d5"]
[Site "San Francisco"]
[Date "2017.06.06"]
[Round "3.9"]
[White "Drane, Robert W"]
[Black "Doyle, Bryon"]
[Result "0-1"]
[WhiteElo "1850"]
[BlackElo "2221"]
[PlyCount "48"]
[EventDate "2017.??.??"]

1. e4 e5 2. Bc4 Nf6 3. d3 Nc6 4. Nc3 Na5 5. Nge2 c6 6. a3 Nxc4 7. dxc4 Be7 8.
Qd3 d6 9. Bg5 h6 10. Bxf6 Bxf6 11. Ng3 g6 12. Rd1 Be7 13. O-O O-O 14. Nce2 h5
15. h4 Bg4 16. f3 Be6 17. f4 Qb6+ 18. Kh1 Bg4 19. f5 Bxh4 20. f6 Bg5 21. Qxd6
h4 22. Qxe5 Bh6 23. Rf4 Rae8 24. Qd6 Rd8 0-1

[Event "Mechanics' Winter TNM; G/2"]
[Site "San Francisco"]
[Date "2017.01.31"]
[Round "5.30"]
[White "Drane, Robert W"]
[Black "Karweit, Alex W"]
[Result "1-0"]
[WhiteElo "1891"]
[BlackElo "1422"]
[PlyCount "51"]
[EventDate "2017.??.??"]

1. e4 c6 2. d4 d5 3. Nc3 dxe4 4. Nxe4 Bf5 5. Ng3 Bg6 6. N1e2 h6 7. Nf4 Bh7 8.
Bc4 Nf6 9. c3 e6 10. O-O Bd6 11. Re1 O-O 12. Qf3 Nd5 13. Nd3 Nd7 14. Ne5 Nxe5
15. dxe5 Bc5 16. Bd3 Bxd3 17. Qxd3 Qe7 18. Ne4 Rad8 19. Qg3 Kh7 20. Qh3 Bb6 21.
c4 Nb4 22. Bg5 Qd7 {Diagram [#]} 23. Nf6+ $1 gxf6 24. Qxh6+ Kg8 25. Bxf6 Bxf2+
26. Kh1 1-0

[Event "Mechanics' Summer TNM; G/2 d5"]
[Site "San Francisco"]
[Date "2017.06.20"]
[Round "5.20"]
[White "Drane, Robert W"]
[Black "Starr, Albert"]
[Result "0-1"]
[WhiteElo "1850"]
[BlackElo "1500"]
[PlyCount "34"]
[EventDate "2017.??.??"]

1. e4 e5 2. Bc4 Nf6 3. d3 d5 4. exd5 Nxd5 5. Nf3 f6 6. O-O Bg4 7. Re1 Nc6 8.
Nxe5 Nxe5 9. Qxg4 h5 10. Qg6+ Kd7 11. Rxe5 fxe5 12. Bxd5 c6 13. Bg5 Be7 14.
Qf5+ Kc7 15. Qxe5+ Qd6 16. Qxg7 Qxd5 17. Nc3 $4 Qxg5 0-1

[Event "Mechanics' Winter TNM; G/2"]
[Site "San Francisco"]
[Date "2017.01.10"]
[Round "2.1"]
[White "Drane, Robert W"]
[Black "Winslow, Elliott C"]
[Result "0-1"]
[WhiteElo "1891"]
[BlackElo "2312"]
[Annotator "Donaldson"]
[PlyCount "80"]
[EventDate "2017.??.??"]

1. e4 c5 2. Nf3 e6 3. g3 Nf6 4. Qe2 Nc6 5. Bg2 Be7 6. c3 d5 7. e5 Nd7 8. d3 Qc7
9. Bf4 g5 10. Nxg5 Bxg5 11. Bxg5 Qxe5 12. Qxe5 Ncxe5 13. Kd2 f6 14. Bf4 Kf7 15.
Na3 a6 16. Rae1 b5 17. Bh3 $2 (17. d4) 17... Nf3+ 18. Kd1 Nxe1 19. Rxe1 e5 20.
Bd2 Nb6 21. Bg2 Bg4+ 22. f3 Bf5 23. c4 Bxd3 24. cxd5 Rhe8 25. Ba5 Nxd5 26. Kd2
Bg6 27. Nc2 Bxc2 28. Kxc2 f5 29. g4 f4 30. Bd2 Rac8 31. Bh3 Kg6 32. Bf1 c4 33.
b3 c3 34. Bc1 Nb4+ 35. Kb1 Rcd8 36. a3 Rd1 37. Bd3+ Rxd3 38. axb4 Rxf3 39. Rd1
e4 40. h4 e3 0-1

[Event "Mechanics' Fall TNM; G/2 d5"]
[Site "San Francisco"]
[Date "2017.11.14"]
[Round "4.26"]
[White "Drane, Robert Will"]
[Black "Brown, Nicholas M"]
[Result "1/2-1/2"]
[WhiteElo "1833"]
[BlackElo "1496"]
[Annotator "Donaldson"]
[PlyCount "70"]
[EventDate "2017.??.??"]

1. e4 c6 2. d4 d5 3. Nc3 dxe4 4. Nxe4 Nd7 5. Nf3 Ngf6 6. Ng3 e6 7. Bd3 Bd6 8.
Bd2 O-O 9. Qe2 Re8 10. Ne5 c5 11. Bg5 cxd4 12. Nxd7 Bxd7 13. O-O Be7 14. Ne4
Bc6 15. Bxf6 Bxf6 16. f4 Be7 17. Rae1 a6 (17... g6) 18. Ng3 Qb6 19. b3 Bb4 20.
Rd1 g6 21. Qg4 Qa5 22. a4 h5 23. Qh3 Be7 24. f5 exf5 25. Bxf5 Qd5 26. Be4 Qe5
27. Bxc6 bxc6 28. Rde1 Qc7 29. Nxh5 Bg5 30. Nf6+ Bxf6 31. Rxe8+ Rxe8 32. Rxf6
Qe5 33. Qf3 Qe1+ 34. Qf1 Qe3+ 35. Rf2 Re7 1/2-1/2

[Event "Mechanics' Fall TNM; G/2 d5"]
[Site "San Francisco"]
[Date "2017.12.05"]
[Round "7.23"]
[White "Drane, Robert Will"]
[Black "Donaldson, William John"]
[Result "0-1"]
[WhiteElo "1833"]
[BlackElo "2405"]
[Annotator "Donaldson"]
[PlyCount "66"]
[EventDate "2017.??.??"]

1. e4 c5 2. Nf3 Nc6 3. Bb5 g6 4. Bxc6 dxc6 5. O-O Bg7 6. h3 Nf6 7. d3 O-O 8.
Nc3 Nd7 9. Be3 e5 10. Qd2 Re8 11. Nh2 b6 12. Ng4 Qe7 13. Rae1 Nf8 14. Bh6 Bxg4
15. hxg4 Qh4 16. Bxg7 Kxg7 17. f3 Ne6 18. Ne2 Rad8 19. b3 Rh8 (19... f6 20. g3
Qh3 21. Rf2 Ng5 22. Ref1 Qh6 23. Kg2 Qh3+ $11) 20. g3 $2 Qh3 21. Rf2 {
Diagram [#] Threatening Rh2 trapping the queen.} Nd4 $2 22. Nxd4 cxd4 $17 23.
Rg2 h5 24. Qf2 $2 (24. gxh5 Rxh5 25. Kf2 Rdh8 $17) 24... hxg4 25. Rh2 Qxh2+ 26.
Qxh2 Rxh2 27. Kxh2 gxf3 28. Rf1 Rd6 (28... Rh8+ 29. Kg1 f5) 29. Rxf3 Rf6 30.
Kg2 c5 31. g4 Rxf3 32. Kxf3 Kf6 33. Kg3 Kg5 0-1

[Event "Mechanics' Fall TNM; G/2 d5"]
[Site "San Francisco"]
[Date "2017.10.31"]
[Round "2.24"]
[White "Drane, Robert Will"]
[Black "Ross, Max"]
[Result "1-0"]
[WhiteElo "1833"]
[BlackElo "1313"]
[Annotator "Donaldson"]
[PlyCount "39"]
[EventDate "2017.??.??"]

1. e4 e5 2. Bc4 Nf6 3. d3 Nc6 4. Nc3 Bc5 5. f4 d6 6. Nf3 Ng4 7. Ng5 (7. Qe2 {
was played in this position by Wesley So.}) 7... O-O 8. f5 Bf2+ 9. Kf1 Ne3+ 10.
Bxe3 Bxe3 11. Nh3 (11. h4 $5) (11. Nf3) 11... Bd4 (11... Nd4) 12. Qh5 h6 13. g4
Bxc3 $2 (13... Na5 14. g5 Nxc4 15. dxc4 Kh8 16. Ke2 (16. gxh6 $2 g6 $1)) 14. g5
$5 (14. bxc3 {
is good for White. The text is imaginative but not completely sound.}) 14...
Bd2 $2 (14... d5 15. Bxd5 Bd4 16. gxh6 Qf6) (14... Bd4) 15. Rg1 Bxg5 $2 {
Diagram [#]} 16. Rxg5 hxg5 17. Nxg5 Qxg5 18. Qxg5 Bd7 19. f6 Bh3+ 20. Kf2 1-0

[Event "Mechanics' Spring TNM; G/2"]
[Site "San Francisco"]
[Date "2017.04.11"]
[Round "5.38"]
[White "Dupree, Charles"]
[Black "Boldi, Nicholas Armen"]
[Result "1-0"]
[WhiteElo "1636"]
[BlackElo "1126"]
[PlyCount "69"]
[EventDate "2017.??.??"]

1. e4 e6 2. d4 d5 3. Nd2 c5 4. exd5 exd5 5. Ngf3 Nc6 6. dxc5 Bxc5 7. Nb3 Bb6 8.
Bb5 Nf6 9. Ne5 Qe7 10. Qe2 Bd7 11. Nxd7 Qxe2+ 12. Bxe2 Nxd7 13. O-O O-O 14. Bf3
Nb4 15. c3 Nd3 16. Bxd5 Rfe8 17. Nd4 Rab8 18. Rb1 Red8 19. Be3 N3e5 20. Bf4 Bc7
21. Nb5 Nf3+ 22. Bxf3 Bxf4 23. Rbd1 a6 24. Nd6 Bxd6 25. Rxd6 Nc5 26. Rfd1 Rxd6
27. Rxd6 Re8 28. Kf1 g6 29. c4 Ne4 30. Rd4 f5 31. Bxe4 Rxe4 32. Rxe4 fxe4 33.
Ke2 Kf7 34. Ke3 Ke6 35. Kxe4 1-0

[Event "Mechanics' Spring TNM; G/2"]
[Site "San Francisco"]
[Date "2017.03.21"]
[Round "2.33"]
[White "Dupree, Charles"]
[Black "Harris, Clarence"]
[Result "0-1"]
[WhiteElo "1636"]
[BlackElo "1400"]
[Annotator "Donaldson"]
[PlyCount "32"]
[EventDate "2017.??.??"]

1. e4 e5 2. f4 d5 3. Nf3 dxe4 4. Nxe5 Nf6 5. Bc4 Be6 6. Bxe6 fxe6 7. O-O Bc5+
8. Kh1 Nc6 9. Nxc6 bxc6 10. Nc3 O-O 11. Qe2 Qd4 12. Re1 Qf2 13. Nxe4 $2 (13.
Qxf2 Bxf2 14. Re2) 13... Nxe4 14. Qxe4 (14. d4) 14... Rxf4 15. Qxe6+ Kh8 16.
Qe2 Qxe2 0-1

[Event "Mechanics' Summer TNM; G/2 d5"]
[Site "San Francisco"]
[Date "2017.06.27"]
[Round "6.33"]
[White "Dupree, Charles"]
[Black "Hilliard, Michael"]
[Result "1-0"]
[WhiteElo "1636"]
[BlackElo "1420"]
[PlyCount "73"]
[EventDate "2017.??.??"]

1. e4 c6 2. d4 d5 3. e5 Bf5 4. h4 h6 5. g4 Bd7 6. h5 e6 7. f4 c5 8. c3 Nc6 9.
Ne2 cxd4 10. cxd4 Bb4+ 11. Nbc3 Qb6 12. Be3 Nge7 13. Qd2 f6 14. a3 Bxc3 15.
Nxc3 fxe5 16. fxe5 O-O-O 17. Na4 Qa5 18. Nc5 b6 19. b4 Nxb4 20. Qxb4 Qxb4+ 21.
axb4 bxc5 22. bxc5 Nc6 23. Rh2 Kc7 24. Rb2 Ra8 25. Ba6 Bc8 26. Rf2 Bxa6 27.
Rf7+ Kd8 28. Rxa6 Ne7 29. Rxe6 Re8 30. Rxg7 a5 31. Rb6 Ra7 {Diagram #} 32. Bxh6
(32. Rb8+ $1 Kd7 33. c6+ Kxc6 34. Rxe8 $18) 32... a4 33. Rb2 a3 34. Ra2 Rg8 35.
Rxg8+ Nxg8 36. Bc1 Ne7 37. Rxa3 1-0

[Event "Mechanics' Summer TNM; G/2 d5"]
[Site "San Francisco"]
[Date "2017.06.13"]
[Round "4.17"]
[White "Dupree, Charles"]
[Black "Jensen, Christian"]
[Result "0-1"]
[WhiteElo "1636"]
[BlackElo "1856"]
[PlyCount "108"]
[EventDate "2017.??.??"]

1. e4 c5 2. c3 Nf6 3. e5 Nd5 4. d4 cxd4 5. cxd4 g6 6. Nf3 d6 7. Bc4 Nb6 8. Bb3
Bg7 9. O-O O-O 10. Bf4 Nc6 11. exd6 exd6 12. h3 h6 13. Nc3 g5 14. Be3 Bf5 15.
Rc1 Rc8 16. Ne2 Nb4 17. Qd2 N4d5 18. Ng3 Bg6 19. Rxc8 Qxc8 20. Qa5 Nxe3 21.
fxe3 Nc4 22. Qc3 b5 23. Nd2 d5 24. Nxc4 bxc4 25. Bc2 f5 26. b3 Qe6 27. bxc4
dxc4 28. Rf3 h5 29. Nf1 Re8 30. Ba4 Rd8 31. Bb5 Bf7 32. Ng3 f4 33. Ne2 a6 34.
Ba4 fxe3 35. Rxe3 Qd5 36. Rg3 h4 37. Re3 Bh5 38. Kh1 Bxe2 39. Rxe2 Qxd4 40.
Qxd4 Rxd4 41. Rc2 Rd1+ 42. Kh2 Be5+ 43. g3 hxg3+ 44. Kg2 c3 45. Re2 Rd2 46.
Rxd2 cxd2 47. Bd1 Kf7 48. Kf1 Ke6 49. Bf3 Bf4 50. Ke2 Ke5 51. a4 a5 52. Kf1 Kd4
53. Bd1 Kc3 54. Ke2 Kb2 0-1

[Event "Mechanics' Summer TNM; G/2 d5"]
[Site "San Francisco"]
[Date "2017.05.30"]
[Round "2.18"]
[White "Dupree, Charles"]
[Black "Maser, Thomas F"]
[Result "0-1"]
[WhiteElo "1636"]
[BlackElo "1900"]
[PlyCount "44"]
[EventDate "2017.??.??"]

1. e4 e5 2. f4 exf4 3. Nf3 h6 4. Bc4 d6 5. h4 Nf6 6. Nc3 Bg4 7. d4 Nh5 8. Ne2
Be7 9. Bxf4 Bxh4+ 10. Nxh4 Nxf4 11. Qd2 Bxe2 12. Bxe2 Qg5 13. Bb5+ c6 14. Bc4
Qg3+ 15. Kd1 O-O 16. Nf5 Qg4+ 17. Kc1 d5 18. Ne7+ Kh8 19. exd5 Qxg2 20. Qxg2
Nxg2 21. dxc6 Nxc6 22. d5 Nxe7 0-1

[Event "Mechanics' Peter Grey TNM; G/2 d5"]
[Site "San Francisco"]
[Date "2017.08.29"]
[Round "4.30"]
[White "Dupree, Charles"]
[Black "Poblete, Tyrone C"]
[Result "1-0"]
[WhiteElo "1605"]
[BlackElo "1154"]
[PlyCount "45"]
[EventDate "2017.??.??"]

1. e4 e5 2. f4 exf4 3. Nf3 d6 4. d4 Bg4 5. Bxf4 Be7 6. Bc4 Bh4+ 7. g3 Qe7 8.
Nc3 Bxf3 9. Qxf3 g5 10. Be3 g4 11. Qxg4 Bf6 12. O-O Nd7 13. Nd5 Qd8 14. Nxf6+
Ngxf6 15. Qg7 Rf8 16. Bg5 Qe7 17. Bxf6 Nxf6 18. Qxf6 Qxe4 19. Rae1 Qxe1 20.
Rxe1+ Kd7 21. Re7+ Kc6 22. Qf3+ Kb6 23. Qb3+ 1-0

[Event "Mechanics' Peter Grey TNM; G/2 d5"]
[Site "San Francisco"]
[Date "2017.08.22"]
[Round "3.38"]
[White "Dupree, Charles"]
[Black "Revi, Frank"]
[Result "1-0"]
[WhiteElo "1605"]
[BlackElo "1306"]
[PlyCount "31"]
[EventDate "2017.??.??"]

1. e4 c5 2. c3 Nc6 3. d4 cxd4 4. cxd4 e6 5. Nf3 Bb4+ 6. Nc3 h6 7. a3 Be7 8. Bf4
d6 9. e5 dxe5 10. dxe5 Bd7 11. Bd3 Qb6 12. Qe2 Nd4 13. Nxd4 Qxd4 14. Bg3 a6 15.
Rd1 Ba4 16. Bc2 1-0

[Event "Mechanics' Peter Grey TNM; G/2 d5"]
[Site "San Francisco"]
[Date "2017.09.19"]
[Round "7.13"]
[White "Dupree, Charles"]
[Black "Vickers, Keith"]
[Result "0-1"]
[WhiteElo "1605"]
[BlackElo "2200"]
[PlyCount "60"]
[EventDate "2017.??.??"]

1. e4 Nc6 2. Nc3 Nf6 3. f4 d5 4. e5 d4 5. exf6 dxc3 6. fxe7 cxd2+ 7. Bxd2 Qxe7+
8. Qe2 Nb4 9. Bxb4 Qxe2+ 10. Bxe2 Bxb4+ 11. c3 Bd6 12. g3 O-O 13. O-O-O Bf5 14.
Bf3 Bc5 15. b4 Be3+ 16. Kb2 Rad8 17. Ne2 c6 18. g4 Bd3 19. f5 Rfe8 20. Nd4 Bc4
21. Rhe1 Kf8 22. Nc2 Bf2 23. Rxd8 Rxd8 24. Rd1 Rxd1 25. Bxd1 Ke7 26. Nd4 Bxd4
27. cxd4 Kf6 28. h4 h5 29. a3 hxg4 30. Kc3 g3 0-1

[Event "Mechanics' Spring TNM; G/2"]
[Site "San Francisco"]
[Date "2017.03.28"]
[Round "3.21"]
[White "Eastham, Asher"]
[Black "Andries, W Craig"]
[Result "1-0"]
[WhiteElo "1566"]
[BlackElo "1860"]
[Annotator "Winslow,E"]
[PlyCount "53"]
[EventDate "2017.??.??"]

1. e4 g6 2. d4 Bg7 3. Nf3 c6 4. Nc3 d5 5. Be3 $6 {Played by some strong
players (Kryvoruchko, Shankland) recently, but I'm suspicious. (Aha! An
*Internet* game!)} (5. h3 {is the longstanding line here, on the principle:
"When you have more space, avoid most exchanges." After} dxe4 (5... Nf6 6. e5 (
6. Bd3 {and}) 6... Ne4 7. Nxe4 (7. Bd3 {are the "quiet" continuations}) 7...
dxe4 8. Ng5 (8. Nh2 {-- seriously?}) 8... c5 9. e6 (9. Bc4 O-O 10. e6 f6 11.
Nxe4 b5 {was the early game Spassky,B-Tseshkovsky,V Moscow 1974 0-1 (36) ; I
remember being annoyed by (1) Spassky losing (2) to this wimpy line (3) and
who is this Tseshkovsky guy anyway?}) 9... Bxe6 10. Nxe6 fxe6 11. dxc5 {
is a different sort of craziness, but in any case White has done well with it
(and the first players have made up for lost time (and points) to that Vitaly
guy).}) 6. Nxe4 {Black has the usual array of Caro-Kann systems, plus another
couple of off the beaten path knight moves:} Nh6 {Then} (6... Nd7) (6... Nf6) (
6... Bf5) ({-- and on the other side,} 6... Na6 {
has been the move with the best %!}) 7. c3 {thwarts the plan of pressuring d4.}
) ({And anyway,} 5. Bf4 {is a more sensible square, not to be harrassed by a
wacky knight appearing on f5.}) 5... h5 $6 {
Almost anything else has a plus score in the database!} ({Relevant:} 5... dxe4
6. Nxe4 Nd7 (6... Nf6 $6 7. Nxf6+ exf6 8. Be2 O-O 9. O-O Re8 10. c4 {
1-0 (59) Shankland,S (2498)-Becerra Rivero,J (2549) ICC INT 2010}) 7. Bc4 Nh6
8. Qe2 Nb6 9. Bb3 Nf5 10. O-O-O {1/2-1/2 (35)} a5 {
Â1/2-Â1/2 (35) Kryvoruchko,Y (2679)-Bologan,V (2695) Germany 2012}) (5... Bg4)
(5... Nf6) ({Even -- yes! -- the best-scoring} 5... Nh6 $1) 6. Be2 Qa5 $146 ({
Predecessor:} 6... Bg4 7. Qd2 e6 8. O-O-O Nh6 9. h3 Bxf3 10. gxf3 Nd7 11. Kb1
a6 12. Rhg1 Bf8 13. Bd3 Ng8 $5 {
Â1/2-Â1/2 (45) Berezhnoy,A (1719)-Goderbauer,B (1738) Oberhof 2013. A-players?}
) 7. O-O Bg4 8. h3 Bxf3 9. Bxf3 e6 10. Re1 Ne7 11. Qd2 O-O 12. a3 Qd8 13. Rad1
Nd7 14. Bh6 Kh7 15. Bxg7 Kxg7 16. exd5 exd5 17. Ne2 Ng8 (17... Nf5 {is more sen
sible. Craig falls in love with the defensive N/g8 covering the dark squares,
but somehow Asher gets in on the light!}) 18. Nf4 (18. c4 dxc4 19. Qc3 Re8 20.
d5+ Qf6 21. dxc6 Ne5 $11) 18... Kh7 19. b3 (19. g4 $5) 19... Ndf6 $6 (19...
Ngf6 $1) 20. Qd3 (20. c4 $1) 20... Kg7 21. c4 Qd6 22. g3 (22. Re5) 22... h4 $6
(22... Rae8) 23. Re5 (23. c5 $5) 23... Nd7 $6 24. Rg5 {Better} ({than} 24. Re6)
24... Kh6 25. Rg4 hxg3 26. fxg3 Ndf6 $4 {
Diagram # Asher has played a sterling game, and caps it off with:} (26... Ne7
27. c5 Qc7 28. Qe3 Nf5 29. Ne6+ $3) 27. Rxg6+ $3 1-0